1964 1460 1279 1722 1078 1400 1715 1028 1528 1317 1797 1854 1559 1735 1068 1784 1425 1107 1657 1065 1743 1460 1576 1902 1271 1410 1129 1536 1107 1150 1251 1207 1177 1382 1142 1570 1913 1343 1518 1592 1463 1858 1266 1281 1665 1550 1366 1593 1071 1377 1422 1098 1977 1823 1687 1284 1417 1743 1537 1057 1456 1117 1365 1365 1686 1649 1690 1442 1189 1161 1679 1025 1589 1780 1793 1327 1445 1069 1155 1246 1176 1950 1643 1533 1656 1709 1140 1431 1503 1855 1047 1543 1626 1302 1047 1624 1443 1090 1965 BCNSPRNW ULIB Ver.6.0+V

เปลี่ยนเป็นภาษาไทย

Change to English
 แสดงรายละเอียดบรรณานุกรม
  กลับหน้าหลัก

Brief Record : Get Marc (ISO 2709) : E-mail record : QR code < ปิดหน้าต่าง
LEADER : 00000nam 2200000uu 4500
001    13399114104
003     ULIB
008    110220s||||||||th 000 0 tha d
099    วจ.WA400^bส232ค
100 0  สมเกียรติ ศิริรัตนพฤกษ์
245 00 โครงการศึกษาระบบข้อมูลทางด้านอาชีวอนามัยและสิ่งแวดล้อม/^cสมเกียรติ ศิริรัตนพฤกษ์ และ คณะ
260    นนทบุรี:^bสถาบันวิจัยระบบสาธารณสุข,^cมปป.
300    90 หน้า
650  7 อาชีวอนามัยและสิ่งแวดล้อม^xวิจัย
710 2  สถาบันวิจัยระบบสาธารณสุข
710 2  สำนักงานกองทุนสนับสนุนการสร้างเสริมสุขภาพ
945    ^p0^l0^i030993
995    ทศพร
999 ^a ใช้งานได้ทุกระบบ
รายการนี้ยังไม่มีแท็ก
คุณยังไม่ได้ล็อกอิน คุณสามารถมีกิจกรรมร่วมกับเว็บไซต์ได้ แต่ต้องล็อกอินก่อน ::
  ล็อกอิน

รายการสื่อสารสนเทศ

ลำดับที่ ประเภท เลขเรียก/บาร์โค้ด สถานที่ สถานะ
1. งานวิจัย
งานวิจัย
วจ.WA400 ส232ค ฉ.1 
  Barcode: 030993
ห้องสมุดวิทยาเขตสวรรค์ประชารักษ์
►วิจัย
บนชั้น

BibComment


ยังไม่เคยถูกคอมเมนท์

คอมเมนท์ทรัพยากรรายการนี้
  คอมเมนท์: โครงการศึกษาระบบข..


 Copyright 2026. Bcnsprnw @Library